Country by Unique Starting Letters Quiz Stats

 Plays Quiz Updated Jun 22, 2017

Challenge
Share
Tweet
Embed
Score 0/197 Timer 13:00
0 Plays Today
String Country % Correct
FINFinland
84.5%
TURKETurkey
84.4%
UNITEDSUnited States of America
84.3%
AUSTRAAustralia
84.3%
JAPJapan
84.3%
NIGERNiger
84.3%
AUSTRIAustria
84.3%
GERGermany
84.3%
UNITEDKUnited Kingdom
84.3%
IRAQIraq
84.2%
NIGERINigeria
84.2%
IREIreland
84.1%
NORWNorway
84.1%
IRANIran
84.1%
PAKPakistan
84.1%
SWESweden
84.1%
CHILChile
84%
CHINChina
84%
LIBYLibya
84%
FIJFiji
84%
INDOIndonesia
83.9%
POLPoland
83.9%
CANCanada
83.8%
BELGBelgium
83.8%
DENDenmark
83.7%
FRFrance
83.7%
SLOVASlovakia
83.7%
ALGAlgeria
83.6%
MALAYMalaysia
83.6%
DOMINICANDominican Republic
83.5%
INDIIndia
83.5%
SUDSudan
83.4%
MONGMongolia
83.4%
ALBAlbania
83.3%
SLOVESlovenia
83.3%
SWISwitzerland
83.3%
JAMJamaica
83.3%
LAOLaos
83.2%
ARGArgentina
83%
GREEGreece
82.9%
LEBLebanon
82.9%
RWRwanda
82.9%
LIBELiberia
82.8%
SOMSomalia
82.7%
BOLBolivia
82.6%
LATLatvia
82.6%
PORPortugal
82.5%
NEPNepal
82.5%
SPSpain
82.2%
GHGhana
82.1%
BELABelarus
82.1%
SOUTHKSouth Korea
82%
TUNTunisia
82%
BAHABahamas
81.9%
CZCzechia
81.9%
CAMBCambodia
81.8%
BULBulgaria
81.6%
MALIMali
81.6%
BRABrazil
81.4%
DOMINICADominica
81.4%
MALTMalta
81.2%
QQatar
81.1%
ARMArmenia
80.9%
GUYGuyana
80.9%
LITLithuania
80.8%
ANGAngola
80.7%
String Country % Correct
SENSenegal
80.5%
BAHRBahrain
80.5%
MOZMozambique
80.3%
YYemen
80.3%
ITItaly
80.2%
BOTBotswana
80.2%
MALAWMalawi
80.1%
UGUganda
80%
TURKMTurkmenistan
79.9%
PANPanama
79.7%
GUINEAGuinea
79.6%
UZUzbekistan
79.5%
TOGTogo
79.4%
UNITEDAUnited Arab Emirates
79.3%
ESWeSwatini
78.8%
ICIceland
78.8%
ZAZambia
78.8%
NICNicaragua
78.5%
ZIZimbabwe
78.5%
VATVatican City
78.5%
GAMThe Gambia
78.1%
NAMNamibia
78%
PARParaguay
77.8%
SERSerbia
77.8%
GRENGrenada
77.7%
SURSuriname
77.5%
MALDMaldives
77.4%
OOman
77.4%
ECEcuador
77.3%
PALEPalestine
77.2%
TAITaiwan
77.2%
TANTanzania
77%
GABGabon
76.8%
BELIBelize
76.8%
NORTNorth Korea
76.2%
SYSyria
76.2%
CRCroatia
76.1%
ESTEstonia
76%
KEKenya
76%
URUruguay
76%
NEWNew Zealand
75.9%
COLColombia
75.9%
ANDAndorra
75.9%
CAMECameroon
75.7%
SEYSeychelles
75.4%
PAPPapua New Guinea
75.2%
DJDjibouti
75.2%
MAURITAMauritania
75.1%
UKUkraine
74.7%
ELEl Salvador
74.7%
SAUSaudi Arabia
74.6%
MONTMontenegro
74.4%
CYCyprus
74.4%
SOUTHASouth Africa
73.9%
THThailand
73.9%
MAURITIMauritius
73.7%
AFAfghanistan
73.6%
BURUBurundi
73.6%
MYMyanmar
73.3%
SOUTHSSouth Sudan
72.6%
NETNetherlands
72.5%
AZAzerbaijan
72.4%
SRSri Lanka
72.2%
TAJTajikistan
72.1%
MOLMoldova
72%
BURKBurkina Faso
71.8%
String Country % Correct
MACMacedonia
71.7%
GEOGeorgia
71.7%
LIELiechtenstein
71.5%
SAINTLSt. Lucia
71.4%
LESLesotho
71.3%
RORomania
71.1%
DEMDemocratic Republic of the Congo
71%
MONAMonaco
70.7%
BRUBrunei
70.6%
BHBhutan
70.6%
HUHungary
70.5%
MADMadagascar
70.4%
SAINTKSt. Kitts and Nevis
70.1%
TUVTuvalu
70.1%
RURussia
70%
PHPhilippines
69.6%
KUKuwait
69.4%
GUINEABGuinea-Bissau
69.3%
TONTonga
68.9%
CUCuba
68.2%
GUAGuatemala
68.1%
BOSBosnia and Herzegovina
68.1%
EQEquatorial Guinea
67.9%
ISIsrael
67.8%
EREritrea
67.6%
VEVenezuela
67.4%
SAINTVSt. Vincent and The Grenadines
67.3%
HAHaiti
66.3%
COSCosta Rica
65%
KOKosovo
64.6%
JOJordan
64.2%
MORMorocco
63.9%
VANVanuatu
63.9%
CHAChad
63.8%
ETEthiopia
63.6%
NAUNauru
63%
HOHonduras
62.8%
KAKazakhstan
62.5%
PEPeru
61.6%
KYKyrgyzstan
61.4%
SINSingapore
61.1%
SAMSamoa
60.7%
BANBangladesh
60.5%
PALAPalau
60.5%
BARBarbados
59.7%
BENBenin
59.4%
COMComoros
59.4%
VIVietnam
59%
SIESierra Leone
58.5%
SAOSão Tomé and Príncipe
57.5%
LULuxembourg
57.4%
TRTrinidad and Tobago
57.2%
KIKiribati
54.8%
SANSan Marino
54.8%
EGEgypt
53.7%
ANTAntigua and Barbuda
52.6%
COTCôte d'ivoire
51.5%
SOLSolomon Islands
47.5%
CABCabo Verde
45.3%
MEMexico
40.4%
MARMarshall Islands
35.1%
TITimor-Leste
33.9%
MIMicronesia
33.5%
RERepublic of the Congo
32%
CECentral African Republic
28.7%

You're not logged in!

Compare scores with friends on all Sporcle quizzes.
Join for Free
OR
Log In

Show Comments

Extras

Top Quizzes Today


Score Distribution

Your Account Isn't Verified!

In order to create a playlist on Sporcle, you need to verify the email address you used during registration. Go to your Sporcle Settings to finish the process.

Report this User

Report this user for behavior that violates our Community Guidelines.

Details: